| 000 | 00427nam a2200145 i 4500 | ||
|---|---|---|---|
| 001 | 54079 | ||
| 003 | ES-MaACL | ||
| 007 | t| | ||
| 008 | 031125s1898 it ||||1| ita d | ||
| 100 | 1 |
_aFerrero, Guglielmo. _950546 |
|
| 245 | 1 | 2 |
_aL'Europa Giovane _b: studi e viaggi nei paesi del Nord / _cdi Guglielmo Ferrero. |
| 260 |
_aMilano : _bFratelli Treves, _c1898. |
||
| 300 |
_a2 h., 431 p. ; _c20 cm. |
||
| 852 |
_aES-MaACL _jG-1601 |
||
| 999 |
_c54079 _d54079 |
||